000 00647nam a2200241 i 4500
001 C2-0120533
003 PPAK
005 20180727112615.0
008 970805s1985 enk |||| ||||| | eng d
020 _a0297786571
040 _aPPAK
_beng
_cPPAK
_erda
082 0 4 _a791.43028
_223
090 0 0 _a791.43028
_bLEV
_dG
100 1 _aLevine, Robert,
_eauthor
245 1 0 _aJoan Collins
264 1 _aLondon :
_bWeidenfeld and Nicolson ,
_c1985
300 _a120 pages ;
_c22 cm
336 _2rdacontent
_atext
337 _2rdamedia
_aunmediated
338 _2rdacarrier
_avolume
650 1 0 _aCollins, Joan d 1933 - Biography
942 _ddc
_cB
999 _c33847
_d33847